01220nam a22002177a 450000500170000000800410001702000150005804000070007304100120008008200230009210000180011524500260013326000330015930000350019236500320022752005930025965000520085265000540090465000240095870000200098220220715152113.0220715b ||||| |||| 00| 0 eng d a8129100681 cAL aEnglish 223a305.6946bSINT aGurmukh Singh aRise of Sikhs Abroad  aNew DehlibRupa and Coc2003 axiii,285 p.bHBc28.5x21.5 cm. b₹2500.00c₹d₹2500.00 aThis glossy coffee - table book captures in vivid detail the rise of the Sikhs as a global community. The Sikhs started migrating to various corners of the globe from about the end of the 19th century. However, today they occupy a place of pride in their adopted lands owing to their sterling success in fields as diverse as politics, business, entertainment and administration. The lucid style of writing, combined with exhaustive research conducted across various parts of the world, makes this book an important tool in assessing the success of this enterprising and global community.  aSikhs -- Foreign countries -- Social conditions aSikhs -- Foreign countries -- Economic conditions aGurmukh Singh, 1958 aSINGH (Gurmukh)